00789nam a22002417a 450000500170000001000150001702000260003202000230005803500130008103700130009408200120010710000230011924501120014225000120025426000440026627000460031030000400035650000190039665000410041565000380045665000320049470000210052620140901122027.0 aENG-110683 a9781259098031c725.00 a1259098036c725.00 aEN-94215 bDBAD/PUB a658.049 aHill, Charles W.L. aInternational business :cby Charles W.L. Hill [and] Arun Kumar Jainbcompeting in the global marketplace / a10th ed aNew DelhibMcGraw Hill Education c2014 aP-24, Green Park Extn.bNew Delhie110016 axxxvi,805p. :c26cm(pbk)bill.,maps aIncludes index a International business enterprises. aInternational economic relations. aCompetition, International. aJain, Arun Kumar